000 00439nam a2200169Ia 4500
008 230711s9999||||xx |||||||||||||| ||und||
020 _a81-224-0081-8
041 _aENG
082 _a621.3824
_bCH-A
100 _aChatterjee,Rajeswari
245 0 _aAntenna theory and practice
250 _a2nd Ed.
260 _c2012
_aNew Delhi
_bNew Age International Publishers
300 _a381p.
650 _aElectronics Engineering
942 _cBK
999 _c6317
_d6317